Breaking the cycle <a> strategy for conflict-sensitive rural growth in Burundi
Gespeichert in:
| Weitere Verfasser: | , , |
|---|---|
| Format: | Buch |
| Sprache: | Englisch |
| Veröffentlicht: |
Washington, D.C.
<The> World Bank
2008
|
| Schriftenreihe: | World Bank working paper
no. 147 |
| Schlagworte: | |
| Tags: |
Keine Tags, Fügen Sie das erste Tag hinzu!
|
MARC
| LEADER | 00000nam$a2200000$$$4500 | ||
|---|---|---|---|
| 001 | 0081378 | ||
| 005 | 20240313135244.4 | ||
| 020 | |a 978-0-8213-7561-7 | ||
| 041 | 0 | |a eng | |
| 044 | |a US | ||
| 245 | 1 | 0 | |a Breaking the cycle |b <a> strategy for conflict-sensitive rural growth in Burundi |c editors: Ilhem Baghdadli, Bernard Harborne, Tania Rajadel |
| 264 | 1 | |a Washington, D.C. |b <The> World Bank |c 2008 | |
| 300 | |a 132 s. | ||
| 490 | 1 | |a World Bank working paper |v no. 147 | |
| 830 | 0 | |a World Bank working paper |v no. 147 | |
| 610 | 2 | 0 | |a krajiny rozvojové |
| 610 | 2 | 0 | |a konflikty etnické |
| 610 | 2 | 0 | |a hlad |
| 610 | 2 | 0 | |a chudoba |
| 610 | 2 | 0 | |a pomoc medzinárodná |
| 610 | 2 | 0 | |a bezpečnosť |
| 610 | 2 | 0 | |a pomoc rozvojová |
| 610 | 2 | 0 | |a vidiek |
| 610 | 2 | 0 | |a poľnohospodárstvo |
| 610 | 2 | 0 | |a potraviny |
| 610 | 2 | 0 | |a úroda |
| 610 | 2 | 0 | |a káva |
| 610 | 2 | 0 | |a čaj |
| 610 | 2 | 0 | |a vývoz |
| 610 | 2 | 0 | |a záhradníctvo |
| 610 | 2 | 0 | |a infraštruktúra |
| 610 | 2 | 0 | |a rozvoj hospodársky |
| 610 | 2 | 0 | |a podmienky životné |
| 610 | 2 | 0 | |a redukcia chudoby |
| 610 | 2 | 0 | |a investície |
| 610 | 2 | 0 | |a údaje štatistické |
| 610 | 2 | 0 | |a porovnanie medzinárodné |
| 610 | 2 | 0 | |a štúdie |
| 610 | 2 | 0 | |a Burundi |
| 700 | 1 | |a Baghdadli, Ilhem | |
| 700 | 1 | |a Harborne, Bernard | |
| 700 | 1 | |a Rajadel, Tania | |